000 00979cam a2200217 4500
001 WS108050
008 000000n 000 0 eng u
035 _a(Sirsi) u108050
110 _aUnited Kingdom
_bPlanning Inspectorate
_92192
245 _aPlanning Inspectorate
520 _aWeb site for this government organisation which processes planning and enforcement appeals and holds inquiries into local development plans. The site includes a good list of FAQs, free publications and forms which can be downloaded and used to submit appeals as well as statistical data on planning and enforcement appeals.
650 _aPLANNING APPEALS
650 _aDEVELOPMENT PLANS
650 _aENFORCEMENT APPEALS
650 _aFORMS
650 _aSTATISTICS
650 _aENFORCEMENT APPEALS
690 _aPlanning and development
_96259
856 4 0 _uhttps://www.planning-inspectorate.gov.uk
_zView the website free of charge at www.planning-inspectorate.gov.uk...
942 _n0
999 _c119599
_d119599